000 00512nam a2200181Ia 4500
008 151202s9999||||xx |||||||||||||| ||und||
082 _bPNVM-82469
100 _aगोडबोले अशोक.
245 _aशँकी.
260 _b"नवल प्रकाशन, पुणे."
260 _c2013
300 _a145
600 _aगोडबोले अशोक.
630 _aशँकी.
700 _aगोडबोले अशोक.
730 _aशँकी.
942 _cBOOK
999 _c1347077
_d1347074